000
00289nam a2200109Ia 4500
008
230907s9999||||xx |||||||||||||| ||und||
082
_a
418.007
_b
CUR
245
0
_a
Methods and methodologies for language teaching :
260
_a
Palgrave,
_b
London :
_c
2017
300
_a
242 p.
942
_c
BK
999
_c
600153
_d
600153